[Event "GRE-chT 45th"]
[Site "Achaia"]
[Date "2017.07.08"]
[Round "7.3"]
[White "Papageorgiou, Fotini"]
[Black "Pasoglou, Ekaterini"]
[Result "1/2-1/2"]
[WhiteElo "1427"]
[BlackElo "1885"]
[PlyCount "62"]
[EventDate "2017.07.03"]
[EventType "team-swiss"]
[EventRounds "7"]
[EventCountry "GRE"]
[SourceTitle "CBM 179 Extra"]
[Source "ChessBase"]
[SourceDate "2017.08.23"]
[SourceVersion "1"]
[SourceVersionDate "2017.08.23"]
[SourceQuality "1"]
[WhiteTeam "Glyfadas Zenon"]
[BlackTeam "Thessaloniki HS"]
[WhiteTeamCountry "GRE"]
[BlackTeamCountry "GRE"]

1. c4 e5 2. Nc3 Nc6 3. g3 g6 4. Bg2 Bg7 5. Nf3 d6 6. 0-0 Nf6 7. d3 0-0 8. Bd2 Bg4 9. h3 Bd7 10. Rb1 a5 11. a3 Ne7 12. b4 axb4 13. axb4 Nh5 14. Ne1 c6 15. Ne4 Nc8 16. g4 Nf4 17. Bxf4 exf4 18. Qd2 f5 19. gxf5 Rxf5 20. Nf3 Qe7 21. h4 h6 22. Bh3 Rf8 23. Bxd7 Qxd7 24. Kh2 b6 25. b5 d5 26. bxc6 Qxc6 27. cxd5 Qxd5 28. Rg1 Kh7 29. Qb4 Qa2 30. Nc3 Qe6 31. Ne4 Qa2 1/2-1/2

[Event "GRE-chT 45th"]
[Site "Achaia"]
[Date "2017.07.07"]
[Round "6.1"]
[White "Papageorgiou, Fotini"]
[Black "Tsolakidou, Stavroula"]
[Result "0-1"]
[WhiteElo "1427"]
[BlackElo "2365"]
[PlyCount "52"]
[EventDate "2017.07.03"]
[EventType "team-swiss"]
[EventRounds "7"]
[EventCountry "GRE"]
[SourceTitle "CBM 179 Extra"]
[Source "ChessBase"]
[SourceDate "2017.08.23"]
[SourceVersion "1"]
[SourceVersionDate "2017.08.23"]
[SourceQuality "1"]
[WhiteTeam "Glyfadas Zenon"]
[BlackTeam "Kavalas CN"]
[WhiteTeamCountry "GRE"]
[BlackTeamCountry "GRE"]

1. c4 e6 2. Nf3 Nf6 3. g3 d5 4. Bg2 dxc4 5. Qa4+ Nbd7 6. Qxc4 a6 7. b3 b5 8. Qc2 Bb7 9. Bb2 c5 10. 0-0 Be7 11. Nc3 0-0 12. d3 Rc8 13. Rac1 Qb6 14. Qd2 Rfd8 15. e4 c4 16. dxc4 bxc4 17. Na4 Qb5 18. Nd4 Qh5 19. e5 Ng4 20. h3 Bxg2 21. Kxg2 Ngxe5 22. f4 Nd3 23. Rxc4 Qd5+ 24. Kh2 Rxc4 25. bxc4 Qxc4 26. Qc2 Nxb2 0-1

[Event "GRE-chT 44th"]
[Site "Achaia"]
[Date "2016.07.10"]
[Round "7.5"]
[White "Fragou, Maria V"]
[Black "Papageorgiou, Fotini"]
[Result "1-0"]
[WhiteElo "1394"]
[BlackElo "1498"]
[PlyCount "107"]
[EventDate "2016.07.05"]
[EventType "team-swiss"]
[EventRounds "7"]
[EventCountry "GRE"]
[SourceTitle "CBM 173 Extra"]
[Source "ChessBase"]
[SourceDate "2016.08.29"]
[SourceVersion "1"]
[SourceVersionDate "2016.08.29"]
[SourceQuality "1"]
[WhiteTeam "Kalamata Poseidon"]
[BlackTeam "Glyfadas Zenon"]
[WhiteTeamCountry "GRE"]
[BlackTeamCountry "GRE"]

1. e4 c5 2. Nc3 Nc6 3. Bb5 e6 4. Bxc6 bxc6 5. d3 g6 6. Nf3 Bg7 7. 0-0 Ne7 8. Ne2 0-0 9. c3 Bb7 10. Be3 d6 11. Qd2 Qc7 12. Bh6 Nc8 13. Bxg7 Kxg7 14. Qf4 e5 15. Qg3 Ne7 16. Nh4 Kh8 17. f4 f5 18. fxe5 dxe5 19. Qe3 Qd6 20. Nf3 f4 21. Qd2 Ba6 22. Rad1 Rad8 23. Nc1 Ng8 24. h3 Nf6 25. Rfe1 Nh5 26. Qc2 Bc8 27. Qf2 Ng3 28. Ne2 Nxe2+ 29. Rxe2 Qe7 30. Qh4 Qxh4 31. Nxh4 Ba6 32. Red2 Rfe8 33. Nf3 h6 34. h4 Kg7 35. Kf2 Bc8 36. a3 Bg4 37. b4 Bxf3 38. Kxf3 cxb4 39. axb4 g5 40. hxg5 hxg5 41. Ra1 Re7 42. Ra6 Rc7 43. Ra5 Re7 44. Rc5 Rd6 45. d4 Rde6 46. Rxe5 Rxe5 47. dxe5 Rxe5 48. Rd7+ Kf6 49. Rxa7 Re6 50. Ra5 Re7 51. Rf5+ Kg6 52. Rc5 Re6 53. c4 Kf6 54. b5 1-0

[Event "GRE-chT 43rd"]
[Site "Porto Rio"]
[Date "2015.10.11"]
[Round "6.7"]
[White "Papageorgiou, Fotini"]
[Black "Agnanti, Danai Kalliopi"]
[Result "0-1"]
[WhiteElo "1464"]
[BlackElo "1689"]
[PlyCount "134"]
[EventDate "2015.10.08"]
[EventType "team-swiss"]
[EventRounds "7"]
[EventCountry "GRE"]
[SourceTitle "CBM 168 Extra"]
[Source "ChessBase"]
[SourceDate "2015.10.29"]
[SourceVersion "1"]
[SourceVersionDate "2015.10.29"]
[SourceQuality "1"]
[WhiteTeam "Glyfadas Zenon"]
[BlackTeam "Chania Kaissa"]
[WhiteTeamCountry "GRE"]
[BlackTeamCountry "GRE"]

1. e4 c5 2. Nf3 e6 3. d4 cxd4 4. Nxd4 Nf6 5. Nc3 d6 6. g4 a6 7. g5 Nfd7 8. h4 b5 9. a3 Bb7 10. Bg2 Qc7 11. Be3 Ne5 12. f4 Nc4 13. Bc1 Nc6 14. Nxc6 Bxc6 15. Qe2 Be7 16. b3 Nb6 17. Bb2 0-0 18. 0-0-0 Rfe8 19. h5 d5 20. Qg4 Bf8 21. g6 h6 22. exd5 Nxd5 23. Nxd5 Bxd5 24. Bxd5 exd5 25. Rxd5 fxg6 26. Rd7 Qc6 27. Rhd1 Rac8 28. R7d2 Qe6 29. Qxe6+ Rxe6 30. hxg6 Rxg6 31. Rd7 Rgc6 32. R1d2 R6c7 33. Be5 Rxd7 34. Rxd7 Bxa3+ 35. Kd1 Bf8 36. Ra7 Rc6 37. c3 h5 38. Ke2 Re6 39. Kf3 g5 40. Kg2 g4 41. Kg3 Be7 42. Ra8+ Kf7 43. Rh8 Kg6 44. Rg8+ Kf5 45. b4 Bf6 46. Bxf6 Kxf6 47. Kh4 Re3 48. Kxh5 Rxc3 49. Rxg4 Kf5 50. Rg5+ Kxf4 51. Kh4 Rc4 52. Rg6 Rxb4 53. Rxa6 Rb1 54. Rf6+ Ke5 55. Rb6 b4 56. Kg3 Kd4 57. Kf3 Kc3 58. Rc6+ Kb2 59. Ke2 b3 60. Kd2 Rh1 61. Rb6 Rh5 62. Rb7 Rd5+ 63. Ke3 Kc3 64. Rc7+ Kb4 65. Rb7+ Rb5 66. Rxb5+ Kxb5 67. Kd2 Ka4 0-1

[Event "GRE-ch U16 Girls"]
[Site "Greece"]
[Date "2014.07.04"]
[Round "1"]
[White "Kokkota, Eleni"]
[Black "Papageorgiou, Fotini"]
[Result "1-0"]
[WhiteElo "1601"]
[BlackElo "1378"]
[PlyCount "53"]
[EventDate "2014.07.04"]
[EventType "swiss"]
[EventRounds "9"]
[EventCountry "GRE"]
[SourceTitle "EXT 2017"]
[Source "ChessBase"]
[SourceDate "2016.10.25"]
[SourceVersion "1"]
[SourceVersionDate "2016.10.25"]
[SourceQuality "1"]

1. d4 Nf6 2. c4 g6 3. Nf3 Bg7 4. Nc3 d5 5. Bg5 Ne4 6. Bf4 Nxc3 7. bxc3 c5 8. e3 Nc6 9. Bd3 0-0 10. 0-0 Re8 11. cxd5 Qxd5 12. e4 Qd8 13. d5 Na5 14. Be5 f6 15. Bf4 c4 16. Bc2 Rf8 17. Qd2 Bg4 18. Nd4 g5 19. Bg3 h5 20. h3 Bd7 21. f4 g4 22. hxg4 hxg4 23. f5 Qe8 24. Qf4 b6 25. Qxg4 Nb7 26. Bf4 Qf7 27. Rf3 1-0

[Event "GRE-chT 42nd"]
[Site "Porto Rio"]
[Date "2014.07.03"]
[Round "7.6"]
[White "Koutsotoli, Ourania"]
[Black "Papageorgiou, Fotini"]
[Result "0-1"]
[WhiteElo "1332"]
[BlackElo "1394"]
[PlyCount "84"]
[EventDate "2014.06.28"]
[EventType "team-swiss"]
[EventRounds "7"]
[EventCountry "GRE"]
[SourceTitle "CBM 161 Extra"]
[Source "ChessBase"]
[SourceDate "2014.08.29"]
[SourceVersion "1"]
[SourceVersionDate "2014.08.29"]
[SourceQuality "1"]
[WhiteTeam "Florinas OP"]
[BlackTeam "Glyfadas Zenon"]
[WhiteTeamCountry "GRE"]
[BlackTeamCountry "GRE"]

1. d4 Nf6 2. Nf3 e6 3. e3 b6 4. Be2 Bb7 5. 0-0 c5 6. c4 Be7 7. Nbd2 0-0 8. b3 Nc6 9. Bb2 cxd4 10. Nxd4 Nxd4 11. Bxd4 Rc8 12. Bf3 Bxf3 13. Qxf3 d5 14. Rac1 Ba3 15. Bxf6 Qxf6 16. Qxf6 gxf6 17. Rcd1 dxc4 18. Nxc4 Bc5 19. Rd7 Rfd8 20. Rfd1 Rxd7 21. Rxd7 b5 22. Nd2 Bb6 23. g3 Rd8 24. Rxd8+ Bxd8 25. Ne4 Be7 26. Kg2 Kg7 27. Kf3 Kg6 28. Nc3 a6 29. Kg4 f5+ 30. Kf3 Kf6 31. h3 h5 32. Ke2 Ke5 33. Kd3 Kd6 34. Ne2 e5 35. f4 e4+ 36. Kc3 Kd5 37. h4 Bc5 38. Nd4 b4+ 39. Kd2 Bxd4 40. exd4 Kxd4 41. Ke2 Kc3 42. Ke3 Kb2 0-1

[Event "GRE-chT 42nd"]
[Site "Porto Rio"]
[Date "2014.07.02"]
[Round "6.6"]
[White "Papageorgiou, Fotini"]
[Black "Serpetsidaki, Eva"]
[Result "1/2-1/2"]
[WhiteElo "1394"]
[BlackElo "1537"]
[PlyCount "121"]
[EventDate "2014.06.28"]
[EventType "team-swiss"]
[EventRounds "7"]
[EventCountry "GRE"]
[SourceTitle "CBM 161 Extra"]
[Source "ChessBase"]
[SourceDate "2014.08.29"]
[SourceVersion "1"]
[SourceVersionDate "2014.08.29"]
[SourceQuality "1"]
[WhiteTeam "Glyfadas Zenon"]
[BlackTeam "OFI"]
[WhiteTeamCountry "GRE"]
[BlackTeamCountry "GRE"]

1. e4 c5 2. Nf3 g6 3. d4 cxd4 4. Nxd4 Nc6 5. c4 Bg7 6. Be3 Nf6 7. Nc3 d6 8. f3 0-0 9. Qd2 Nxd4 10. Bxd4 Be6 11. Rc1 Rc8 12. b3 a6 13. Be2 Rc6 14. 0-0 Qa5 15. Rfd1 Rfc8 16. Kh1 h5 17. Rc2 Kh7 18. Na4 Qxd2 19. Rcxd2 Bh6 20. Rb2 Nd7 21. Nc3 Ne5 22. Bxe5 dxe5 23. Nd5 Bg5 24. g3 Bh3 25. Bf1 Bxf1 26. Rxf1 e6 27. h4 Bd8 28. Ne3 Bb6 29. Re2 Rd8 30. Rd1 Rxd1+ 31. Nxd1 Rd6 32. Nf2 a5 33. g4 f6 34. Kg2 Bc5 35. Rc2 b6 36. Kg3 Kg7 37. gxh5 gxh5 38. Re2 Bb4 39. Kg2 Kf7 40. Rc2 Ke7 41. Kf1 Kd7 42. Ke2 Kc6 43. Nd3 Ba3 44. f4 Rd4 45. fxe5 Rxe4+ 46. Kf3 f5 47. Rh2 Be7 48. Nf4 Bd8 49. Nxe6 Bxh4 50. Ng7 Bd8 51. Rxh5 Rxe5 52. Rxf5 Rxf5+ 53. Nxf5 Kc5 54. Ke3 Kb4 55. Kd3 Ka3 56. Kc2 Kxa2 57. Nd6 Ka3 58. Nb7 Be7 59. Kc3 Ka2 60. Kc2 Ka1 61. Kc1 1/2-1/2

[Event "GRE-ch U18 Girls"]
[Site "Thessaloniki"]
[Date "2014.01.04"]
[Round "3"]
[White "Peskelidou, Emanouela"]
[Black "Papageorgiou, Fotini"]
[Result "1/2-1/2"]
[WhiteElo "1506"]
[BlackElo "1427"]
[PlyCount "106"]
[EventDate "2014.01.02"]
[EventType "swiss"]
[EventRounds "7"]
[EventCountry "GRE"]
[SourceTitle "EXT 2017"]
[Source "ChessBase"]
[SourceDate "2016.10.25"]
[SourceVersion "1"]
[SourceVersionDate "2016.10.25"]
[SourceQuality "1"]

1. e4 c5 2. Nf3 e6 3. b3 Nc6 4. Bb2 b6 5. d4 cxd4 6. Nxd4 Bb7 7. Bd3 Qf6 8. c3 Nxd4 9. cxd4 Bb4+ 10. Nd2 Qg5 11. Qe2 Qxg2 12. 0-0-0 Bxd2+ 13. Kxd2 Nf6 14. f3 Qxe2+ 15. Kxe2 d6 16. Rhg1 Nh5 17. Ke3 g6 18. e5 dxe5 19. dxe5 0-0 20. Bc4 Rfd8 21. Ba3 Ng7 22. Bd3 Rac8 23. f4 Rc3 24. Ke2 Nh5 25. Rgf1 Bg2 26. Rf2 Bh3 27. Bb4 Rcc8 28. Ke3 Bf5 29. Rfd2 Ng7 30. Ba6 Rxd2 31. Rxd2 Ra8 32. Bb7 Rb8 33. Bf3 a5 34. Be7 Bb1 35. Kf2 Nf5 36. Bf6 Rc8 37. a3 Rc2 38. Rxc2 Bxc2 39. b4 axb4 40. axb4 Nd4 41. Bg2 Kf8 42. Bd8 b5 43. Bb6 Nf5 44. Bc5+ Kg7 45. Bf1 Ba4 46. Bd3 Kh6 47. Bf8+ Kh5 48. Bxf5 exf5 49. Kg3 h6 50. h4 Bd1 51. Be7 Bb3 52. Bf6 Bc4 53. Be7 Bd3 1/2-1/2

[Event "GRE-ch U18 Girls"]
[Site "Thessaloniki"]
[Date "2014.01.03"]
[Round "2"]
[White "Papageorgiou, Fotini"]
[Black "Prokopiou, Ekaterini"]
[Result "0-1"]
[WhiteElo "1427"]
[BlackElo "1602"]
[PlyCount "90"]
[EventDate "2014.01.02"]
[EventType "swiss"]
[EventRounds "7"]
[EventCountry "GRE"]
[SourceTitle "EXT 2017"]
[Source "ChessBase"]
[SourceDate "2016.10.25"]
[SourceVersion "1"]
[SourceVersionDate "2016.10.25"]
[SourceQuality "1"]

1. e4 c6 2. d4 d5 3. Nc3 dxe4 4. Nxe4 Bf5 5. Ng3 Bg6 6. f4 e6 7. Nf3 Bd6 8. Bd3 Ne7 9. 0-0 0-0 10. Kh1 Nd7 11. Bxg6 Nxg6 12. f5 exf5 13. Nxf5 Qc7 14. Nxd6 Qxd6 15. c3 Rae8 16. Qb3 b6 17. Bd2 Nf6 18. Rae1 h6 19. c4 Rxe1 20. Rxe1 Re8 21. Rxe8+ Nxe8 22. Qe3 Nc7 23. Kg1 Ne6 24. g3 Ne7 25. Bc3 b5 26. Ne5 Nf5 27. c5 Qd5 28. Qf3 Qxf3 29. Nxf3 f6 30. a3 Kf7 31. Kf2 Ne7 32. Ke3 Nd5+ 33. Kd3 Kg6 34. Ke4 Ng5+ 35. Nxg5 Kxg5 36. Bd2+ Kg4 37. Bf4 g5 38. Bb8 a6 39. Bd6 h5 40. Bb8 h4 41. Kd3 Kf3 42. b4 f5 43. Be5 f4 44. gxf4 gxf4 45. h3 Kg2 0-1

[Event "GRE-ch U16 Girls"]
[Site "Patras"]
[Date "2013.07.10"]
[Round "3.9"]
[White "Pramateftaki, Aspasia"]
[Black "Papageorgiou, Fotini"]
[Result "0-1"]
[WhiteElo "1382"]
[BlackElo "1391"]
[PlyCount "138"]
[EventDate "2013.07.08"]
[EventType "swiss"]
[EventRounds "9"]
[EventCountry "GRE"]
[SourceTitle "EXT 2024"]
[Source "ChessBase"]
[SourceDate "2023.10.10"]
[SourceVersion "1"]
[SourceVersionDate "2023.10.10"]
[SourceQuality "1"]

1. e4 e5 2. Nf3 Nc6 3. Bc4 Bc5 4. c3 Nf6 5. d3 h6 6. Nbd2 a6 7. Bb3 d6 8. h3 0-0 9. Nf1 Ba7 10. Ng3 Be6 11. Bc2 Ne7 12. Nh4 Qd7 13. Qf3 Nh7 14. Nh5 Ng6 15. Nf5 Bxf5 16. exf5 Qe7 17. 0-0 Nf4 18. Bxf4 exf4 19. Qxf4 Qe2 20. Bd1 Qxd3 21. Qg4 g6 22. fxg6 Qxg6 23. Qxg6+ fxg6 24. Ng3 Kg7 25. Bf3 Rab8 26. Rfe1 Rf7 27. Ne4 d5 28. Ng3 c6 29. Rad1 Rbf8 30. Rd2 Ng5 31. Ree2 Nxf3+ 32. gxf3 Rxf3 33. Kg2 R3f7 34. b3 b5 35. a3 Bb8 36. Re6 Rf6 37. Re7+ R8f7 38. Rxf7+ Rxf7 39. Re2 Ba7 40. f3 Kf6 41. b4 Re7 42. h4 Rxe2+ 43. Nxe2 Ke5 44. Kf1 d4 45. cxd4+ Bxd4 46. Nxd4 Kxd4 47. Ke2 Kc3 48. Ke3 Kb3 49. Ke4 Kxa3 50. Ke5 Kxb4 51. Kf6 a5 52. Kxg6 a4 53. f4 a3 54. f5 a2 55. f6 a1Q 56. f7 Qf1 57. h5 c5 58. Kg7 Qg2+ 59. Kxh6 Qf3 60. Kg7 Qg4+ 61. Kh6 Qf5 62. Kg7 Qg5+ 63. Kh8 Qf6+ 64. Kh7 Qxf7+ 65. Kh8 Qf4 66. Kh7 c4 67. h6 c3 68. Kh8 c2 69. h7 c1Q 0-1

[Event "GRE-chT 41st"]
[Site "Achaia"]
[Date "2013.07.05"]
[Round "5.6"]
[White "Papageorgiou, Fotini"]
[Black "Tsamantani, Eleni Marina"]
[Result "0-1"]
[WhiteElo "1391"]
[BlackElo "1353"]
[PlyCount "96"]
[EventDate "2013.07.02"]
[EventType "team-swiss"]
[EventRounds "7"]
[EventCountry "GRE"]
[SourceTitle "CBM 155 Extra"]
[Source "ChessBase"]
[SourceDate "2013.08.26"]
[SourceVersion "1"]
[SourceVersionDate "2013.08.26"]
[SourceQuality "1"]
[WhiteTeam "Glifadas Zenon"]
[BlackTeam "Irakleiou CN"]
[WhiteTeamCountry "GRE"]
[BlackTeamCountry "GRE"]

1. e4 d5 2. exd5 Qxd5 3. Nc3 Qd6 4. d4 Nf6 5. Nge2 a6 6. Bf4 Qd8 7. g3 Bf5 8. Bg2 c6 9. 0-0 e6 10. a3 Bd6 11. Re1 0-0 12. Na4 Bxf4 13. Nxf4 Nbd7 14. c4 Rb8 15. Nc3 Re8 16. Nd3 Qc7 17. Qf3 Bxd3 18. Qxd3 Qd8 19. Rad1 Nb6 20. Re2 Qd7 21. Red2 Red8 22. Bh3 Qe7 23. Qe2 Qe8 24. Bg2 Kf8 25. b3 Qe7 26. c5 Nbd5 27. Nxd5 Nxd5 28. Bxd5 exd5 29. Qxe7+ Kxe7 30. Re2+ Kf8 31. Rde1 Re8 32. Kf1 Rxe2 33. Rxe2 Re8 34. b4 Rxe2 35. Kxe2 Ke7 36. Ke3 Kd7 37. Kf4 Ke6 38. g4 f6 39. h4 g6 40. f3 h6 41. a4 g5+ 42. Kg3 f5 43. f4 fxg4 44. Kxg4 gxh4 45. Kxh4 Kf5 46. Kg3 h5 47. a5 h4+ 48. Kxh4 Kxf4 0-1

[Event "GRE-chT 40th"]
[Site "Achaia"]
[Date "2012.07.02"]
[Round "4.10"]
[White "Papageorgiou, Fotini"]
[Black "Androni, Dimitra Alexandra"]
[Result "1/2-1/2"]
[WhiteElo "1355"]
[BlackElo "1561"]
[PlyCount "103"]
[EventDate "2012.06.30"]
[EventType "team-swiss"]
[EventRounds "7"]
[EventCountry "GRE"]
[SourceTitle "CBM 149 Extra"]
[Source "ChessBase"]
[SourceDate "2012.08.24"]
[SourceVersion "1"]
[SourceVersionDate "2012.08.24"]
[SourceQuality "1"]
[WhiteTeam "Glyfadas Zenon"]
[BlackTeam "Koropiou"]
[WhiteTeamCountry "GRE"]
[BlackTeamCountry "GRE"]

1. e4 c5 2. Nc3 Nc6 3. Bb5 g6 4. d3 Bg7 5. Bxc6 bxc6 6. f4 e6 7. Nf3 d5 8. 0-0 Ne7 9. Qe1 Ba6 10. Rf2 0-0 11. Kh1 d4 12. Ne2 f5 13. Ng5 Bc8 14. Rf3 h6 15. Nh3 Kh7 16. Nhg1 Bd7 17. Ng3 Ng8 18. e5 Ne7 19. Nf1 Rh8 20. Nh3 Kg8 21. Nd2 Nd5 22. Nc4 Bf8 23. Qg3 Be8 24. a3 a5 25. Ng1 Be7 26. Qe1 Qc7 27. Nh3 a4 28. Qf1 Nb6 29. Nd2 Rb8 30. Qe1 Nd5 31. Nc4 Nb6 32. Nd2 Qd8 33. Nc4 Nxc4 34. dxc4 Qb6 35. Qf1 Rd8 36. Rb1 Qa6 37. Bd2 Rh7 38. Rc1 Bf8 39. Nf2 Rb7 40. Rb1 Rdb8 41. Bc1 Be7 42. Rh3 Kg7 43. Nd1 Bd8 44. Rf3 Ba5 45. Rg3 Rd7 46. Rf3 Rbd8 47. Qd3 Be1 48. Rf1 Bh4 49. g3 Be7 50. Nf2 Rb7 51. Nd1 Bd7 52. Nf2 1/2-1/2

[Event "Attica-ch U14 Girls"]
[Site "Peristeri"]
[Date "2012.04.21"]
[Round "6"]
[White "Papageorgiou, Fotini"]
[Black "Pramateftaki, Aspasia"]
[Result "0-1"]
[WhiteElo "1365"]
[BlackElo "1390"]
[PlyCount "64"]
[EventDate "2012.04.17"]
[EventType "swiss"]
[EventRounds "7"]
[EventCountry "GRE"]
[SourceTitle "EXT 2024"]
[Source "ChessBase"]
[SourceDate "2023.10.10"]
[SourceVersion "1"]
[SourceVersionDate "2023.10.10"]
[SourceQuality "1"]

1. c4 e5 2. Nc3 Nf6 3. Nf3 Nc6 4. g3 d5 5. cxd5 Nxd5 6. Bg2 Nxc3 7. bxc3 Bc5 8. 0-0 0-0 9. Bb2 Bg4 10. d4 Bxf3 11. Bxf3 exd4 12. Bxc6 dxc3 13. Bxc3 bxc6 14. Qxd8 Raxd8 15. Rab1 Rfe8 16. Rfe1 Kf8 17. Ba5 Bb6 18. Bxb6 cxb6 19. Rb2 c5 20. e4 f5 21. e5 Rd4 22. f3 Red8 23. Rbe2 Rd1 24. e6 Ke7 25. Kf2 Rxe1 26. Kxe1 Rd6 27. f4 Rxe6 28. h3 Rxe2+ 29. Kxe2 Kd6 30. Kd3 Kd5 31. a4 a6 32. h4 b5 0-1

[Event "GRE-ch U18 Girls"]
[Site "Nikaia"]
[Date "2012.01.08"]
[Round "8"]
[White "Pournara, Stavroula"]
[Black "Papageorgiou, Fotini"]
[Result "0-1"]
[WhiteElo "1015"]
[BlackElo "1388"]
[PlyCount "150"]
[EventDate "2012.01.03"]
[EventType "swiss"]
[EventRounds "9"]
[EventCountry "GRE"]
[SourceTitle "CBM 146 Extra"]
[Source "ChessBase"]
[SourceDate "2012.02.29"]
[SourceVersion "1"]
[SourceVersionDate "2012.02.29"]
[SourceQuality "1"]

1. d4 d5 2. c4 c6 3. Nc3 e6 4. Nf3 g6 5. Bf4 Bg7 6. e3 Nf6 7. Bg5 Nbd7 8. Bd3 Qe7 9. cxd5 cxd5 10. Bxf6 Nxf6 11. Bb5+ Bd7 12. Qd3 a6 13. Ba4 Bxa4 14. Nxa4 Qb4+ 15. Nc3 Ne4 16. Rb1 Rc8 17. 0-0 Nxc3 18. bxc3 Qxc3 19. Qxc3 Rxc3 20. Rxb7 0-0 21. Rfb1 Rfc8 22. h3 Rc2 23. a4 Rc1+ 24. Rxc1 Rxc1+ 25. Kh2 Bf8 26. Ra7 Rc6 27. Ne5 Bd6 28. Ra8+ Kg7 29. g3 Bxe5 30. dxe5 g5 31. f4 h6 32. Kg2 Kg6 33. g4 gxf4 34. exf4 d4 35. Kf3 f6 36. Ke4 fxe5 37. fxe5 Rb6 38. Kxd4 Rb4+ 39. Kc5 Rxa4 40. Kb6 Kg5 41. Rg8+ Kf4 42. Rh8 Kxe5 43. Rxh6 a5 44. g5 Ra1 45. h4 a4 46. g6 Rg1 47. h5 a3 48. Rh8 a2 49. Ra8 a1Q 50. Rxa1 Rxa1 51. g7 Rg1 52. h6 Kf6 53. Kc5 Rg6 54. Kd4 Kf7 55. h7 Kxg7 56. h8R Kxh8 57. Ke5 Kg7 58. Ke4 Kf6 59. Kf4 e5+ 60. Ke4 Rg4+ 61. Kf3 Ra4 62. Ke3 Kf5 63. Kf3 Ra3+ 64. Ke2 e4 65. Kf2 Kf4 66. Ke2 Ra2+ 67. Ke1 e3 68. Kf1 Kf3 69. Kg1 Kg3 70. Kf1 Ra1+ 71. Ke2 Ra3 72. Kd1 Ra2 73. Kc1 e2 74. Kb1 Rd2 75. Kc1 e1Q# 0-1